| 000 | 00436pab a2200157 454500 | ||
|---|---|---|---|
| 008 | 180718b2007 xxu||||| |||| 00| 0 eng d | ||
| 100 | _aRedmond, William H. | ||
| 245 | _aHome equity, fungibility, and consumption: the increasing rationalization of society | ||
| 260 | _c2007 | ||
| 300 | _ap.201-13. | ||
| 362 | _aSpring | ||
| 650 | _aConsumption | ||
| 773 | _aReview of Radical Political Economics | ||
| 908 | _aN | ||
| 909 | _a74784 | ||
| 999 |
_c74784 _d74784 |
||